000 00645nam a2200181 i 4500
001 152047
003 ES-MaACL
005 20250717070758.0
008 000210s1890 fr |||| | fre d
040 _aM-RACE
_bspa
_cM-RACE
_dCCPB | B
100 1 _aBertrand, Joseph.
_928530
245 1 0 _aLeçons sur la théorie mathématique de l'électricité
_b: professées au Collège de France /
_cpar J. Bertrand.
260 _aParis :
_bGauthier-Villars et fils, imprimeurs-éditeurs,
_c1890.
300 _aXIII, 296 p. ;
_c25 cm.
650 0 7 _aElectricidad
_2embne
_912159
852 _aES-MaACL
_jB-1994
_z-- Enc. hol.
999 _c152047
_d152047